[Event "It (Open) Obrenovac SCG"]
[Site "?"]
[Date "2005.11.28"]
[Round "7"]
[White "Cabrilo Goran"]
[Black "Colin Vincent"]
[Result "1-0"]
[WhiteElo "2461"]
[BlackElo "2375"]
[PlyCount "151"]
[EventDate "2005.??.??"]
[Source "www.chesslib.no"]
[SourceDate "2004.05.04"]

1. e4 e5 2. Nf3 Nc6 3. Bb5 a6 4. Ba4 Nf6 5. O-O b5 6. Bb3 Be7 7. Qe2 d6 8. c3
O-O 9. Rd1 Bg4 10. h3 Bxf3 11. Qxf3 Na5 12. Bc2 c5 13. d3 Nd7 14. Nd2 Bg5 15.
Nf1 Bxc1 16. Raxc1 Qf6 17. Qe2 Nb6 18. Ne3 Qe6 19. d4 cxd4 20. cxd4 Rac8 21. b3
exd4 22. Rxd4 Nc6 23. Rd2 Nb4 24. Rcd1 Nxc2 25. Nxc2 d5 26. Nb4 Qxe4 27. Nxa6
Qxe2 28. Rxe2 Rfd8 29. Nb4 Kf8 30. Red2 Rc5 31. Rc2 Rxc2 32. Nxc2 Nc8 33. Nb4
Ne7 34. Kf1 Ke8 35. Ke2 Rd6 36. Ke3 Nc6 37. Nxc6 Rxc6 38. a4 bxa4 39. bxa4 Rc4
40. Ra1 Kd7 41. a5 Kc8 42. a6 Kb8 43. Rb1+ Ka8 44. Rb7 Rf4 45. f3 Rf6 46. Rd7
Rxa6 47. Rxf7 Rg6 48. g4 Kb8 49. h4 Kc8 50. Kd4 Kd8 51. h5 Rg5 52. h6 gxh6 53.
Rxh7 Rg6 54. Kxd5 Ke8 55. Ke5 Kf8 56. Kf4 Kg8 57. Ra7 Rf6+ 58. Kg3 Rg6 59. Re7
Kf8 60. Re5 Kg7 61. f4 Ra6 62. Re7+ Kf8 63. Rb7 Rf6 64. Rb4 Kg7 65. Kh4 Rf7 66.
Kh5 Kh7 67. Re4 Kg7 68. f5 Rb7 69. Re6 Rb1 70. Rg6+ Kf7 71. Kxh6 Rb8 72. Kg5
Ra8 73. Rh6 Rg8+ 74. Kf4 Ra8 75. Rh7+ Kg8 76. Rb7 1-0

[Event "Saint Lo FRA"]
[Site "?"]
[Date "2005.07.12"]
[Round "5"]
[White "Ninov Nikolai"]
[Black "Shalamberidze Akaki"]
[Result "1/2-1/2"]
[WhiteElo "2493"]
[BlackElo "2419"]
[PlyCount "25"]
[EventDate "2005.??.??"]
[Source "www.chesslib.no"]
[SourceDate "2004.05.04"]

1. e4 e5 2. Nf3 Nc6 3. Bb5 a6 4. Ba4 Nf6 5. O-O Be7 6. Qe2 b5 7. Bb3 d6 8. a4
Bd7 9. axb5 axb5 10. Rxa8 Qxa8 11. c3 O-O 12. d4 b4 13. dxe5 1/2-1/2

[Event "HZ Open"]
[Site "Vlissingen"]
[Date "2003.08.03"]
[Round "2"]
[White "Kharitonov, Alexander"]
[Black "Vijayalakshmi, Subbaraman"]
[Result "1-0"]
[WhiteElo "2437"]
[BlackElo "2435"]
[PlyCount "138"]
[EventDate "2003.08.02"]
[Source "Roberto Alvarez"]
[SourceDate "2003.08.11"]

1. e4 e5 2. Nf3 Nc6 3. Bb5 a6 4. Ba4 Nf6 5. O-O Be7 6. Qe2 b5 7. Bb3 d6 8. a4
b4 9. Qc4 Qd7 10. Qxf7+ Kd8 11. Bd5 Ne8 12. d3 h6 13. Nbd2 Rf8 14. Qg6 Rf6 15.
Qg3 g5 16. Nc4 Rb8 17. c3 Ng7 18. h4 Nh5 19. Qh2 g4 20. Ne1 Bf8 21. Bg5 Be7 22.
Bxf6 Bxf6 23. g3 Na7 24. Ne3 bxc3 25. bxc3 Rb2 26. N1c2 Qg7 27. Rab1 Rxb1 28.
Rxb1 c6 29. Bc4 a5 30. Nf1 Be7 31. Nce3 Qf8 32. Rb2 Ng7 33. Qg2 Nh5 34. Qh1 Kc7
35. f3 d5 36. exd5 Bc5 37. d6+ Qxd6 38. Kh2 Qf6 39. Nxg4 Qg7 40. Nf2 Qd7 41.
Qg2 Qe7 42. Re2 Qg7 43. Ne4 Bb6 44. Rb2 Bd7 45. Rxb6 Kxb6 46. Qf2+ Kb7 47. Nc5+
Ka8 48. Qb2 Bc8 49. Qb6 Nf6 50. Be6 Qf8 51. Bxc8 Qxc8 52. Qxa5 Nd7 53. Ne3 Nxc5
54. Qxc5 Qd7 55. Qxe5 Qxd3 56. f4 h5 57. Ng2 Nc8 58. Qc7 Nd6 59. Qxc6+ Kb8 60.
Qb6+ Kc8 61. Qc5+ Kb8 62. Qxh5 Nf5 63. Qg6 Qd5 64. h5 Nd6 65. h6 Nf7 66. h7 Ka7
67. Qxf7+ Qxf7 68. h8=Q Qg6 69. Qh4 Qc6 1-0

[Event "JUG-ch 57th"]
[Site "Banja Koviljaca"]
[Date "2002.03.25"]
[Round "9"]
[White "Savic, Miodrag R"]
[Black "Blagojevic, Dragisa"]
[Result "1/2-1/2"]
[WhiteElo "2469"]
[BlackElo "2508"]
[PlyCount "171"]
[EventDate "2002.03.16"]
[Source "ChessBase"]
[SourceDate "2002.08.12"]

1. e4 e5 2. Nf3 Nc6 3. Bb5 a6 4. Ba4 Nf6 5. O-O Be7 6. Qe2 b5 7. Bb3 d6 8. c3
O-O 9. h3 Na5 10. Bc2 c5 11. d4 Qc7 12. d5 Bd7 13. Kh1 Ne8 14. g4 g6 15. Rg1
Ng7 16. Bh6 Nb7 17. Nbd2 Nd8 18. a4 Rb8 19. axb5 axb5 20. Rg3 f6 21. Rag1 Nf7
22. Be3 Kh8 23. Nh2 g5 24. Rf3 Kg8 25. h4 h6 26. Ndf1 Nh8 27. Ng3 Ng6 28. Nf5
Bxf5 29. gxf5 Nf4 30. Bxf4 exf4 31. Rh3 h5 32. hxg5 fxg5 33. e5 dxe5 34. f6
Bxf6 35. Qe4 Kf7 36. Qg6+ Ke7 37. Rxg5 Kd6 38. Rg1 Qe7 39. Rf3 Qf7 40. Qe4 c4
41. b3 Rfc8 42. Rg6 Ne8 43. Qf5 Ke7 44. Rh6 Nd6 45. Qxh5 Qxh5 46. Rxh5 Rh8 47.
Rfh3 Rxh5 48. Rxh5 Rh8 49. Rxh8 Bxh8 50. bxc4 Nxc4 51. Be4 Kd6 52. Nf1 Bf6 53.
Kg2 Bd8 54. Kf3 Ba5 55. Ke2 Bxc3 56. Kd3 Be1 57. Ke2 Ba5 58. Kd3 Na3 59. f3 Be1
60. Ke2 Bc3 61. Kd3 Ba5 62. Ke2 Bc3 63. Kd3 b4 64. Nh2 Be1 65. Ke2 Bc3 66. Kd3
Kc5 67. Nf1 Nc4 68. Nh2 Bd4 69. Nf1 b3 70. Nd2 b2 71. Kc2 Na3+ 72. Kb3 Nb5 73.
Bd3 Nc7 74. Ne4+ Kxd5 75. Bc4+ Kc6 76. Kc2 Nd5 77. Kb1 Ne3 78. Bd3 Ng2 79. Bf1
Ne1 80. Be2 Kd5 81. Nd2 Be3 82. Nb3 Bd4 83. Nd2 Kc5 84. Ne4+ Kb4 85. Bd1 Ka3
86. Be2 1/2-1/2

[Event "SLO-ch"]
[Site "Grize"]
[Date "2001.10.08"]
[Round "8"]
[White "Grosar, Aljosa"]
[Black "Mikac, Matjaz"]
[Result "1/2-1/2"]
[WhiteElo "2442"]
[BlackElo "2404"]
[PlyCount "21"]
[EventDate "2001.10.01"]
[Source "ChessBase"]
[SourceDate "2001.10.26"]

1. e4 e5 2. Nf3 Nc6 3. Bb5 a6 4. Ba4 Nf6 5. O-O Be7 6. Qe2 b5 7. Bb3 d6 8. a4
Bd7 9. axb5 axb5 10. Rxa8 Qxa8 11. Nc3 1/2-1/2

[Event "Budapest FS08 GM"]
[Site "Budapest"]
[Date "2000.08.07"]
[Round "3"]
[White "Fogarasi, Tibor"]
[Black "Nguyen Anh Dung"]
[Result "0-1"]
[WhiteElo "2456"]
[BlackElo "2487"]
[PlyCount "52"]
[EventDate "2000.08.05"]
[Source "ChessBase"]
[SourceDate "2000.09.14"]

1. e4 e5 2. Nf3 Nc6 3. Bb5 a6 4. Ba4 Nf6 5. O-O Be7 6. Qe2 b5 7. Bb3 d6 8. c3
O-O 9. h3 Re8 10. d3 Bf8 11. Ng5 d5 12. exd5 Na5 13. c4 bxc4 14. Ba4 cxd3 15.
Qe1 c6 16. Bd2 Nc4 17. Bxc6 Bd7 18. Bxa8 Qxa8 19. Bb4 Qxd5 20. Bxf8 e4 21. Bb4
Qxg5 22. Qc1 Qg6 23. Kh2 Ne5 24. Nc3 Bxh3 25. Kxh3 Qg4+ 26. Kh2 Nf3+ 0-1

[Event "Petroff mem op"]
[Site "St Petersburg"]
[Date "2000.02.12"]
[Round "5"]
[White "Hachatrian, Vahagn"]
[Black "Kupreichik, Viktor D"]
[Result "0-1"]
[WhiteElo "2370"]
[BlackElo "2480"]
[PlyCount "50"]
[EventDate "2000.02.05"]
[Source "www.chesslib.no"]
[SourceDate "2004.05.04"]

1. e4 e5 2. Nf3 Nc6 3. Bb5 a6 4. Ba4 Nf6 5. O-O Be7 6. Qe2 b5 7. Bb3 d6 8. Rd1
Na5 9. c3 Nxb3 10. axb3 Be6 11. Rxa6 O-O 12. Rxa8 Qxa8 13. Re1 Bxb3 14. Na3 Rb8
15. d4 b4 16. cxb4 Rxb4 17. Bd2 Ra4 18. d5 Rxe4 19. Qb5 Rxe1+ 20. Nxe1 Qxd5 21.
Qb8+ Bf8 22. Bc3 c5 23. f3 Qd1 24. Ba5 Qd4+ 25. Kh1 Qxb2 0-1

[Event "Abu Dhabi Masters op"]
[Site "Abu Dhabi"]
[Date "1999.08.22"]
[Round "2"]
[White "Guliev, Logman"]
[Black "Iuldachev, Saidali"]
[Result "0-1"]
[WhiteElo "2425"]
[BlackElo "2491"]
[PlyCount "78"]
[EventDate "1999.08.21"]
[Source "www.chesslib.no"]
[SourceDate "2004.05.04"]

1. e4 e5 2. Nf3 Nc6 3. Bb5 a6 4. Ba4 Nf6 5. O-O Be7 6. Qe2 b5 7. Bb3 d6 8. c3
O-O 9. d4 Bg4 10. Rd1 exd4 11. cxd4 d5 12. e5 Ne4 13. Nc3 Nxc3 14. bxc3 Qd7 15.
h3 Bh5 16. g4 Bg6 17. Ne1 Na5 18. f4 Nxb3 19. axb3 Be4 20. f5 c5 21. Be3 cxd4
22. Bxd4 Qc7 23. Nd3 f6 24. Qh2 fxe5 25. Bxe5 Qb6+ 26. Qf2 Qh6 27. Nf4 Bg5 28.
Qg3 Bh4 29. Qh2 Rae8 30. Bd4 Bd8 31. Rf1 Bc7 32. h4 g5 33. hxg5 Qxg5 34. Qg3
Rxf5 35. Be3 Ref8 36. Ne6 Bxg3 37. Bxg5 Rxf1+ 38. Rxf1 Bh2+ 39. Kxh2 Rxf1 0-1

[Event "St Petersburg-ch"]
[Site "St Petersburg"]
[Date "1999.04.12"]
[Round "7"]
[White "Sivokho, Sergey"]
[Black "Sergeev, Veniamin"]
[Result "1/2-1/2"]
[WhiteElo "2435"]
[BlackElo "2420"]
[PlyCount "151"]
[EventDate "1999.04.??"]
[Source "ChessBase"]
[SourceDate "1999.07.10"]

1. e4 e5 2. Nf3 Nc6 3. Bb5 Nf6 4. Qe2 Be7 5. O-O a6 6. Ba4 b5 7. Bb3 d6 8. c3
Na5 9. Bc2 c5 10. Rd1 O-O 11. d4 Qc7 12. h3 Re8 13. d5 c4 14. b4 cxb3 15. axb3
Bd7 16. Be3 Rec8 17. Ra2 Bd8 18. Nfd2 Be8 19. Bd3 Qb7 20. Bg5 Qc7 21. Rc1 Nb7
22. b4 Qd7 23. Be3 Qe7 24. Nf1 Nd7 25. Ng3 g6 26. Nd2 Nb6 27. Rac2 Na4 28. Nf3
Bb6 29. Bd2 Bd7 30. Nh2 Qh4 31. Kh1 Rc7 32. Nf3 Qe7 33. Nh2 Qh4 34. Nf3 Qe7 35.
Bg5 f6 36. Bd2 Rac8 37. Nh2 Nd8 38. Kg1 Nf7 39. Nhf1 Kg7 40. Ne3 Kg8 41. c4 Qe8
42. cxb5 axb5 43. Rxc7 Bxc7 44. Ng4 Kg7 45. Be3 Bb8 46. Qd2 Rxc1+ 47. Qxc1 Qd8
48. Kf1 h5 49. Nh2 Bc7 50. Nf3 Bb6 51. Bxb6 Nxb6 52. Kg1 Ng5 53. Nd2 h4 54. Ne2
f5 55. Nc3 fxe4 56. Ndxe4 Nxe4 57. Bxe4 Nc4 58. Bd3 Be8 59. Bxc4 bxc4 60. Qe3
Qb8 61. f4 Bd7 62. fxe5 dxe5 63. Qc5 Bf5 64. Qxc4 Qa7+ 65. Qc5 Qa1+ 66. Kf2
Qb2+ 67. Kf3 e4+ 68. Nxe4 Bxe4+ 69. Kxe4 Qxg2+ 70. Kd4 Qf2+ 71. Ke5 Qf6+ 72.
Ke4 Qf5+ 73. Kd4 Qf2+ 74. Kc4 Qf1+ 75. Kd4 Qf2+ 76. Kd3 1/2-1/2

[Event "Buenos Aires op"]
[Site "Buenos Aires"]
[Date "1999.??.??"]
[Round "4"]
[White "Hoffman, Alejandro"]
[Black "Julia, Ernesto"]
[Result "1/2-1/2"]
[WhiteElo "2547"]
[BlackElo "2374"]
[PlyCount "35"]
[EventDate "1999.??.??"]
[Source "www.chesslib.no"]
[SourceDate "2004.05.04"]

1. e4 e5 2. Nf3 Nc6 3. Bb5 a6 4. Ba4 Nf6 5. O-O Be7 6. Qe2 b5 7. Bb3 d6 8. h3
Na5 9. d3 Nxb3 10. axb3 Bb7 11. Nbd2 O-O 12. Re1 Nd7 13. c3 Bf6 14. b4 g6 15.
Nb3 Rc8 16. Na5 Ba8 17. Nb3 Bb7 18. Na5 1/2-1/2

[Event "Pappier Memorial B"]
[Site "CAPA email"]
[Date "1998.??.??"]
[Round "4"]
[White "Chorfi, Khalid (MAR)"]
[Black "Muttoni, Guillermo Cesar"]
[Result "1-0"]
[WhiteElo "2460"]
[BlackElo "2380"]
[PlyCount "77"]
[EventDate "1998.??.??"]
[Source "www.chesslib.no"]
[SourceDate "2004.05.04"]

1. e4 e5 2. Nf3 Nc6 3. Bb5 a6 4. Ba4 Nf6 5. O-O Be7 6. Qe2 b5 7. Bb3 d6 8. c3
O-O 9. d4 Bg4 10. Rd1 Qc8 11. h3 Bh5 12. a4 Qd7 13. Bg5 Na5 14. Bc2 h6 15. Bh4
Bxf3 16. Qxf3 c5 17. dxe5 dxe5 18. Nd2 Nc6 19. Nf1 Nh7 20. Bxe7 Qxe7 21. Ne3
Rfd8 22. Nf5 Qf8 23. axb5 axb5 24. Rxa8 Rxd1+ 25. Qxd1 Qxa8 26. Qd5 Qa1+ 27.
Kh2 Qc1 28. Qxc6 Qf4+ 29. Ng3 Qxf2 30. Bd1 Nf6 31. Qxb5 Qf4 32. Qe2 h5 33. Qf3
Qd2 34. Nxh5 Nxh5 35. Qxh5 Qf4+ 36. Kg1 Qxe4 37. Qe2 Qd5 38. Bc2 Qd6 39. Qd3
1-0

[Event "RUS-Cup1 Chigorin mem"]
[Site "St Petersburg"]
[Date "1996.??.??"]
[Round "7"]
[White "Orlov, Vassily"]
[Black "Graf, Alexander"]
[Result "1-0"]
[WhiteElo "2430"]
[BlackElo "2580"]
[PlyCount "179"]
[EventDate "1996.11.??"]
[Source "ChessBase"]

1. e4 e5 2. Nf3 Nc6 3. Bb5 a6 4. Ba4 Nf6 5. O-O Be7 6. Qe2 b5 7. Bb3 d6 8. c3
O-O 9. Rd1 Na5 10. Bc2 c5 11. d3 Re8 12. Nbd2 Bf8 13. Nf1 h6 14. Ng3 g6 15. h3
d5 16. Nh2 d4 17. Bd2 Nc6 18. Bb3 Be6 19. Be1 Ra7 20. Bxe6 Rxe6 21. c4 bxc4 22.
dxc4 a5 23. Qd3 Nd7 24. Ne2 Rb7 25. Qc2 Qb8 26. Rdb1 h5 27. Nc1 Bh6 28. Bd2 Nb4
29. Bxb4 Bxc1 30. Qxc1 axb4 31. Nf3 Ra6 32. Qg5 Rba7 33. a3 Qe8 34. g4 hxg4 35.
hxg4 Qe6 36. Kg2 Nf6 37. Nxe5 Nxe4 38. Qf4 Nd6 39. Rh1 f6 40. Nd3 g5 41. Qf3
Qe4 42. Qxe4 Nxe4 43. Rae1 Nd6 44. axb4 Nxc4 45. bxc5 Rb7 46. Rc1 Nd2 47. Rc2
Nb3 48. c6 Rb8 49. Rh3 Rab6 50. Rf3 Kg7 51. Rf5 Rc8 52. c7 Rb7 53. Rc6 Rcxc7
54. Rcxf6 Nc5 55. Ne5 Ne4 56. Rg6+ Kh7 57. Rf3 Kh8 58. Rf8+ Kh7 59. Rf3 Kh8 60.
Nd3 Kh7 61. Re6 Re7 62. Rxe7+ Rxe7 63. Rf5 Rd7 64. f3 Nd2 65. Rxg5 Nc4 66. Rc5
Ne3+ 67. Kg3 Rf7 68. f4 Rb7 69. b4 Ra7 70. Kf3 Ra3 71. Rh5+ Kg7 72. Ke4 Kf8 73.
g5 Ra7 74. Kxd4 Nf5+ 75. Ke5 Ng7 76. Rh8+ Kf7 77. f5 Ra6 78. Nf4 Nxf5 79. Kxf5
Rf6+ 80. Kg4 Rb6 81. Nd3 Rd6 82. Rh7+ Kg8 83. Rh3 Kg7 84. Kf5 Rb6 85. Re3 Rd6
86. Nf4 Rb6 87. Re7+ Kf8 88. Nd5 Rd6 89. Re5 Rd7 90. Re8+ 1-0

[Event "5. Amber Rapid"]
[Site "?"]
[Date "1996.??.??"]
[Round "?"]
[White "Anand, Viswanathan"]
[Black "Piket, Jeroen"]
[Result "1/2-1/2"]
[WhiteElo "2725"]
[BlackElo "2570"]
[PlyCount "27"]
[EventDate "1996.??.??"]
[Source "www.chesslib.no"]
[SourceDate "2004.05.04"]

1. e4 e5 2. Nf3 Nc6 3. Bb5 a6 4. Ba4 Nf6 5. O-O Be7 6. Qe2 b5 7. Bb3 d6 8. c3
Na5 9. Bc2 c5 10. d3 O-O 11. Nbd2 Re8 12. Rd1 Nc6 13. Nf1 h6 14. Ng3 1/2-1/2

[Event "JUG-chT"]
[Site "Niksic"]
[Date "1996.??.??"]
[Round "?"]
[White "Miljanic, Boro"]
[Black "Abramovic, Bosko"]
[Result "1/2-1/2"]
[WhiteElo "2425"]
[BlackElo "2490"]
[PlyCount "30"]
[EventDate "1996.??.??"]
[Source "www.chesslib.no"]
[SourceDate "2004.05.04"]

1. e4 e5 2. Nf3 Nc6 3. Bb5 a6 4. Ba4 Nf6 5. Qe2 Be7 6. O-O b5 7. Bb3 d6 8. c3
O-O 9. Rd1 Na5 10. Bc2 c5 11. d4 Qc7 12. d5 Bd7 13. Nbd2 Kh8 14. Nf1 Ng8 15. b3
Nb7 1/2-1/2

[Event "Koszalin op"]
[Site "Koszalin"]
[Date "1996.??.??"]
[Round "2"]
[White "Kaminski, Marcin"]
[Black "Gazik, Igor"]
[Result "1/2-1/2"]
[WhiteElo "2525"]
[BlackElo "2380"]
[PlyCount "93"]
[EventDate "1996.??.??"]
[Source "www.chesslib.no"]
[SourceDate "2004.05.04"]

1. e4 e5 2. Nf3 Nc6 3. Bb5 a6 4. Ba4 Nf6 5. O-O Be7 6. Qe2 b5 7. Bb3 d6 8. c3
O-O 9. Rd1 Na5 10. Bc2 c5 11. d4 Qc7 12. h3 Bd7 13. Bg5 h6 14. Bh4 cxd4 15.
cxd4 Rac8 16. Bd3 Nc6 17. Nbd2 exd4 18. Nb3 Qb6 19. Bb1 Rfe8 20. Nbxd4 Nxd4 21.
Nxd4 Rc4 22. Nf3 Be6 23. Bd3 Rcc8 24. Bc2 Bc4 25. Bd3 Be6 26. Qd2 Nd7 27. Bxe7
Rxe7 28. Be2 Ne5 29. Qxd6 Qxd6 30. Rxd6 Rc2 31. Nxe5 Rxe2 32. Rxa6 Rxb2 33. Nd3
Re2 34. f3 Rc7 35. Nf4 Rd2 36. Nxe6 fxe6 37. Rxe6 Kf7 38. Rb6 Rcc2 39. Rxb5
Rxg2+ 40. Kh1 Rh2+ 41. Kg1 Rhg2+ 42. Kh1 Rh2+ 43. Kg1 Rxh3 44. Rf5+ Kg8 45. a4
Rg3+ 46. Kh1 Rh3+ 47. Kg1 1/2-1/2

[Event "Weilburg NBG Open"]
[Site "Weilburg GER"]
[Date "1995.??.??"]
[Round "5"]
[White "Kengis, Edvins"]
[Black "Margoline, Boris"]
[Result "1-0"]
[WhiteElo "2575"]
[BlackElo "2390"]
[PlyCount "121"]
[EventDate "1995.10.??"]
[Source "www.chesslib.no"]
[SourceDate "2004.05.04"]

1. e4 e5 2. Nf3 Nc6 3. Bb5 a6 4. Ba4 Nf6 5. Qe2 b5 6. Bb3 Be7 7. O-O d6 8. c3
O-O 9. Rd1 Na5 10. Bc2 c5 11. d4 Qc7 12. d5 c4 13. b4 cxb3 14. axb3 Bg4 15. h3
Bh5 16. Bd2 Nd7 17. Na3 Nb7 18. b4 Nb6 19. Rdc1 Rfc8 20. Be3 Qd8 21. Bd3 Bxf3
22. Qxf3 Bg5 23. Rc2 Bxe3 24. Qxe3 g6 25. g3 Kg7 26. Rf1 Nd7 27. Ra1 Nb6 28. h4
h6 29. Bf1 h5 30. Bh3 Rcb8 31. Rac1 Kg8 32. Kh2 Kg7 33. Kg1 Kg8 34. Kg2 Kg7 35.
c4 bxc4 36. Nxc4 Nxc4 37. Rxc4 a5 38. Rc7 Qf6 39. bxa5 Nc5 40. R1xc5 dxc5 41.
Be6 Rf8 42. Qxc5 Kg8 43. Bd7 Rfb8 44. Qc6 Qxc6 45. dxc6 Rxa5 46. Rb7 Rf8 47. c7
Rc5 48. f4 exf4 49. gxf4 Kg7 50. Ra7 Rc2+ 51. Kf3 Rc3+ 52. Ke2 Rc2+ 53. Ke3 Rc1
54. e5 Kg8 55. Rb7 Rc3+ 56. Kd4 Rc1 57. Kd5 Rd1+ 58. Kc6 Rc1+ 59. Kd6 Rd1+ 60.
Ke7 Rc1 61. Rb8 1-0

[Event "Corr"]
[Site "?"]
[Date "1995.11.15"]
[Round "?"]
[White "Mathes Werner (GER)"]
[Black "Skulteti Andreas (GER)"]
[Result "0-1"]
[WhiteElo "2390"]
[BlackElo "2375"]
[PlyCount "200"]
[EventDate "1995.??.??"]
[Source "www.chesslib.no"]
[SourceDate "2004.05.04"]

1. e4 e5 2. Nf3 Nc6 3. Bb5 a6 4. Ba4 Nf6 5. O-O Be7 6. Qe2 b5 7. Bb3 d6 8. c3
O-O 9. d4 Bg4 10. Rd1 Bh5 11. a4 Qb8 12. axb5 Qxb5 13. Bc4 Qb6 14. d5 Nb8 15.
b4 Nbd7 16. Bg5 h6 17. Be3 c5 18. Nbd2 a5 19. bxc5 Nxc5 20. Rdb1 Qc7 21. Bxc5
Qxc5 22. Rb7 Rfb8 23. Nb3 Qc8 24. Rxb8 Qxb8 25. Ra4 Bd8 26. h3 Bb6 27. Nbd2 Qc7
28. Nf1 Qd7 29. Ra2 Qc8 30. Ra4 Bg6 31. N3d2 Nh5 32. Qf3 Nf4 33. Ng3 Qd7 34.
Bb3 Qb5 35. Ra2 a4 36. Bc4 Qd7 37. Ne2 Nh5 38. g4 Nf6 39. Ng3 a3 40. Nf5 Bxf5
41. gxf5 Qa4 42. Bb3 Qa5 43. Kh2 Ra7 44. Kg2 Qc5 45. Nc4 Qb5 46. Nd2 Bc5 47.
Bd1 Qb6 48. Kf1 Qb8 49. Bc2 Rb7 50. Nc4 Qc7 51. Bd3 Rb3 52. Bc2 Rb8 53. Bd3 Ne8
54. Qe2 Ra8 55. Kg2 Nf6 56. Kh2 Qa7 57. Kg1 Qa4 58. Bc2 Qb5 59. Qd3 Qa6 60. Bd1
Kh8 61. Be2 Qb7 62. Bd1 Kg8 63. Kf1 Qb5 64. Bc2 Rb8 65. Nd2 Qxd3+ 66. Bxd3 g6
67. fxg6 fxg6 68. Bc2 Ra8 69. Nb3 Bb6 70. Nd2 g5 71. Bd1 Bc5 72. Bg4 Nxg4 73.
hxg4 Kf7 74. Nb3 Bb6 75. Ke2 Kg6 76. Kd3 h5 77. gxh5+ Kxh5 78. c4 Ra4 79. Kc3
Kg4 80. c5 Bxc5 81. Nxc5 dxc5 82. Kb3 Rxe4 83. Rd2 c4+ 84. Kxa3 c3 85. Rc2 Kf3
86. Rxc3+ Kxf2 87. Rd3 Ke2 88. Rg3 g4 89. d6 Rd4 90. d7 Rxd7 91. Rxg4 Kf3 92.
Rg8 Rb7 93. Rf8+ Ke3 94. Ka4 e4 95. Re8 Kf3 96. Rf8+ Ke2 97. Re8 e3 98. Ka5 Kf2
99. Rf8+ Ke1 100. Re8 e2 0-1

[Event "HUN-chT1 9596"]
[Site "HUN"]
[Date "1995.??.??"]
[Round "3"]
[White "Horvath, Tamas"]
[Black "Petran, Pal"]
[Result "1-0"]
[WhiteElo "2410"]
[BlackElo "2470"]
[PlyCount "83"]
[EventDate "1995.??.??"]
[Source "www.chesslib.no"]
[SourceDate "2004.05.04"]

1. e4 e5 2. Nf3 Nc6 3. Bb5 a6 4. Ba4 Nf6 5. O-O Be7 6. Qe2 b5 7. Bb3 d6 8. c3
O-O 9. d4 Bg4 10. Rd1 Qc8 11. Bg5 Na5 12. Bc2 Re8 13. Nbd2 h6 14. Be3 exd4 15.
cxd4 c5 16. Rac1 Nc6 17. dxc5 dxc5 18. h3 Bh5 19. Qf1 Nd7 20. Bb1 c4 21. g4 Bg6
22. Nd4 Nxd4 23. Bxd4 Bf6 24. Bc3 Bxc3 25. Rxc3 Nf6 26. Re3 Qc5 27. Rde1 Rad8
28. Nf3 Rd7 29. Nh4 Rde7 30. Qg2 Nh7 31. Kh1 Nf6 32. f4 Nd5 33. Nxg6 fxg6 34.
Rf3 Rf8 35. Ref1 Nb4 36. e5 Qb6 37. a3 Nc6 38. R3f2 Kh7 39. Qe4 Re6 40. f5 Kh8
41. f6 gxf6 42. Qxg6 1-0

[Event "St Petersburg op2"]
[Site "St Petersburg"]
[Date "1994.??.??"]
[Round "4"]
[White "Galdunts, Sergey"]
[Black "Yuneev, Alexey"]
[Result "1/2-1/2"]
[WhiteElo "2475"]
[BlackElo "2400"]
[PlyCount "31"]
[EventDate "1994.10.??"]
[Source "ChessBase"]

1. e4 e5 2. Nf3 Nc6 3. Bb5 a6 4. Ba4 Nf6 5. O-O Be7 6. Qe2 b5 7. Bb3 d6 8. c3
O-O 9. d3 Na5 10. Bc2 c5 11. Re1 Nc6 12. Nbd2 Re8 13. Nf1 Bf8 14. Ne3 g6 15. h3
Bg7 16. Bb3 1/2-1/2

[Event "RUS-ch"]
[Site "Elista"]
[Date "1994.??.??"]
[Round "4"]
[White "Varavin, Viktor"]
[Black "Yemelin, Vasily"]
[Result "1/2-1/2"]
[WhiteElo "2510"]
[BlackElo "2520"]
[PlyCount "118"]
[EventDate "1994.09.??"]
[Source "ChessBase"]

1. e4 e5 2. Nf3 Nc6 3. Bb5 a6 4. Ba4 Nf6 5. Qe2 Be7 6. O-O b5 7. Bb3 d6 8. a4
Bg4 9. c3 O-O 10. h3 Bh5 11. d3 Na5 12. Bc2 Nd7 13. b4 Nb7 14. g4 Bg6 15. d4 c6
16. Rd1 Qc7 17. axb5 axb5 18. Na3 Nb6 19. Be3 exd4 20. Nxd4 d5 21. e5 Na4 22.
Bd2 Nb2 23. Re1 Bxc2 24. Naxc2 Nc4 25. Rxa8 Rxa8 26. Bf4 Nd8 27. e6 Qxf4 28.
exf7+ Nxf7 29. Qxe7 h5 30. Qb7 Rb8 31. Qxc6 Nce5 32. Qxd5 hxg4 33. hxg4 Nd3 34.
Rf1 Qxg4+ 35. Qg2 Qxg2+ 36. Kxg2 Nf4+ 37. Kh2 Nd6 38. Ne3 Ne4 39. Nd1 Rb6 40.
Nf5 Nd2 41. Rh1 Kf7 42. Nde3 Rg6 43. Nh4 Rh6 44. Rd1 Ne2 45. Nef5 Nf3+ 46. Kh3
Rh8 47. Rd7+ Kf6 48. Rd6+ Ke5 49. Rg6 Nf4+ 50. Kg3 Nxg6 51. Nxg6+ Kxf5 52. Nxh8
Nd2 53. Nf7 Ne4+ 54. Kf3 Nxc3 55. Nd6+ Ke5 56. Ne8 g6 57. Kg4 Nd5 58. Kg5 Nxb4
59. f4+ Ke4 1/2-1/2

[Event "Ljubljana Open"]
[Site "Ljubljana"]
[Date "1994.??.??"]
[Round "?"]
[White "Votava, Jan"]
[Black "Barle, Janez"]
[Result "0-1"]
[WhiteElo "2410"]
[BlackElo "2440"]
[PlyCount "54"]
[EventDate "1994.06.??"]
[Source "www.chesslib.no"]
[SourceDate "2004.05.04"]

1. e4 e5 2. Nf3 Nc6 3. Bb5 a6 4. Ba4 Nf6 5. O-O Be7 6. Qe2 b5 7. Bb3 d6 8. c3
O-O 9. d4 Bg4 10. Rd1 exd4 11. cxd4 d5 12. e5 Ne4 13. a4 b4 14. a5 Kh8 15. h3
Bh5 16. Be3 f5 17. exf6 Bxf6 18. g4 Bg6 19. Nbd2 Qd6 20. Nf1 Rae8 21. N1h2 Ng5
22. Qd2 Rxe3 23. fxe3 Be4 24. Rf1 Bxd4 25. exd4 Nxd4 26. Bd1 Bxf3 27. Qe1 Nxh3#
0-1

[Event "Havana Open"]
[Site "Havana CUB"]
[Date "1994.??.??"]
[Round "3"]
[White "Mendez Ataria, Ernesto"]
[Black "Rivera, Alberto"]
[Result "0-1"]
[WhiteElo "2405"]
[BlackElo "2370"]
[PlyCount "122"]
[EventDate "1994.04.??"]
[Source "www.chesslib.no"]
[SourceDate "2004.05.04"]

1. e4 e5 2. Nf3 Nc6 3. Bb5 a6 4. Ba4 Nf6 5. O-O Be7 6. Qe2 b5 7. Bb3 d6 8. c3
O-O 9. d3 Na5 10. Bc2 c5 11. d4 Qc7 12. d5 c4 13. b4 cxb3 14. axb3 Bd7 15. Ba3
Rfe8 16. Nxe5 dxe5 17. Bxe7 Rxe7 18. d6 Qxd6 19. Rxa5 Qc7 20. b4 Be6 21. Rd1
Rd7 22. Rxd7 Nxd7 23. Bd3 Qc6 24. Qe3 h6 25. h3 Rd8 26. Kh2 Qd6 27. Bc2 Nb8 28.
Ra1 Qc7 29. Nd2 Rc8 30. Ra3 Nd7 31. Bd3 Qb7 32. Nf3 Rc6 33. g3 f6 34. Nd2 Qc8
35. Bf1 Qc7 36. Bd3 Kf7 37. Be2 Kg8 38. Nf3 Kh7 39. Ne1 Qc8 40. Ng2 Nb6 41. Qf3
Bxh3 42. Nh4 Be6 43. Qh5 Kg8 44. Ng6 Qe8 45. Rxa6 Rd6 46. Bg4 Bf7 47. Bf5 Qb8
48. Qe2 Nc4 49. Qa2 Rxa6 50. Qxa6 Nd6 51. Qc6 Nxf5 52. exf5 Kh7 53. Ne7 Qd8 54.
Qc5 Qd3 55. Kg2 Bc4 56. Qe3 Qd1 57. Kh2 Bd3 58. f3 Qc2+ 59. Kh3 Bf1+ 60. Kg4
h5+ 61. Kxh5 Qh2+ 0-1

[Event "JUG-ch"]
[Site "Tivat"]
[Date "1994.??.??"]
[Round "6"]
[White "Ivanovic, Bozidar"]
[Black "Lazic, Miroljub"]
[Result "0-1"]
[WhiteElo "2480"]
[BlackElo "2505"]
[PlyCount "72"]
[EventDate "1994.03.??"]
[Source "ChessBase"]

1. e4 e5 2. Nf3 Nc6 3. Bb5 a6 4. Ba4 Nf6 5. O-O Be7 6. Qe2 b5 7. Bb3 d6 8. c3
O-O 9. d4 Bg4 10. Rd1 exd4 11. cxd4 d5 12. e5 Ne4 13. h3 Bh5 14. a4 b4 15. a5
Kh8 16. Be3 f5 17. exf6 Bxf6 18. g4 Bg6 19. Nbd2 Qd6 20. Nf1 Rae8 21. Ba4 Re7
22. Bxc6 Qxc6 23. Qe1 Qb5 24. Rdc1 c5 25. Qd1 h6 26. N1h2 c4 27. Ne5 Bxe5 28.
dxe5 Rxe5 29. Qd4 Re6 30. Bxh6 Ref6 31. Be3 Nxf2 32. Rf1 Ne4 33. Qe5 c3 34.
bxc3 Nxc3 35. Rxf6 Rxf6 36. Nf1 Qd3 0-1

[Event "Ch Gdansk"]
[Site "Ch Poland, Gdansk"]
[Date "1994.??.??"]
[Round "?"]
[White "Kaminski, Marcin"]
[Black "Murdzia, Piotr"]
[Result "1/2-1/2"]
[WhiteElo "2445"]
[BlackElo "2435"]
[PlyCount "70"]
[EventDate "1994.??.??"]
[Source "www.chesslib.no"]
[SourceDate "2004.05.04"]

1. e4 e5 2. Nf3 Nc6 3. Bb5 a6 4. Ba4 Nf6 5. O-O Be7 6. Qe2 b5 7. Bb3 d6 8. c3
O-O 9. d4 Bg4 10. Rd1 exd4 11. cxd4 d5 12. e5 Ne4 13. Nc3 Nxc3 14. bxc3 Qd7 15.
h3 Bh5 16. g4 Bg6 17. Bg5 Bxg5 18. Nxg5 Nd8 19. f4 Ne6 20. Nxe6 fxe6 21. Rf1 c5
22. a4 Rac8 23. axb5 cxd4 24. cxd4 Be4 25. f5 exf5 26. Qd1 h5 27. Rxf5 Qa7 28.
Rf7 axb5 29. Bc2 Qb8 30. Raa7 Rc6 31. Ra4 Qc7 32. Ra1 b4 33. Qe1 Rc8 34. Ra3
Bf5 35. Qe3 Rb8 1/2-1/2